| 000 | 00431cam a2200169ua 4500 | ||
|---|---|---|---|
| 041 |
_aeng _h |
||
| 082 |
_a925.3 _bFOR/AL |
||
| 100 | _aForsee, Aylesa . | ||
| 245 |
_aAlbert Einstein: Theoretical physicist / _cAylesa Forsee. _hTextual Documents |
||
| 250 |
_a1 / _b. |
||
| 260 |
_aNew York : _bMcMillan and company , _c1964. |
||
| 300 | _a202 ; . | ||
| 500 | _a**Reference | ||
| 504 | _a | ||
| 942 | _cBK | ||
| 999 |
_c7649 _d7649 |
||